Intermediate Physics: Theoretical and Practical (Record no. 15535)

MARC details
000 -LEADER
fixed length control field 00400nam a2200133Ia 4500
008 - FIXED-LENGTH DATA ELEMENTS--GENERAL INFORMATION
fixed length control field 211109s9999||||xx |||||||||||||| ||und||
082 ## - DEWEY DECIMAL CLASSIFICATION NUMBER
Classification number 530
Item number GOP-I
100 ## - MAIN ENTRY--PERSONAL NAME
Personal name Gopalan, D
245 #0 - TITLE STATEMENT
Title Intermediate Physics: Theoretical and Practical
260 ## - PUBLICATION, DISTRIBUTION, ETC.
Name of publisher, distributor, etc. Teachers Publishing House
Place of publication, distribution, etc. Madras
Date of publication, distribution, etc. 2000
630 ## - SUBJECT ADDED ENTRY--UNIFORM TITLE
General subdivision General Stack
650 ## - SUBJECT ADDED ENTRY--TOPICAL TERM
Topical term or geographic name entry element Natural sciences & mathematics
942 ## - ADDED ENTRY ELEMENTS (KOHA)
Koha item type BOOK
650 ## - SUBJECT ADDED ENTRY--TOPICAL TERM
Form subdivision Physics
General subdivision Generalia
Holdings
Withdrawn status Lost status Damaged status Not for loan Home library Current library Date acquired Cost, normal purchase price Total Checkouts Full call number Barcode Shelving location Date last seen Price effective from Koha item type
        SB LIBRARY SB LIBRARY 09/11/2021 80.00   530 GOP-I 00016144 GENERAL STACK 09/11/2021 09/11/2021 BOOK

Powered by Koha